00427nam a2200157Ia 4500008004100000020001800041082001400059100002000073245003700093250000800130260003700138300002600175500001900201600003300220650001600253240925s9999 xx 000 0 und d a9781429224260 a519.5 MOO aMoore, David S. 4aThe basic practice of statistics a5th aNew York:bW. H. Freemanc,2010. ax, 263p.b0fOriginal aIncludes Index aHumanities & Natural Science aMathematics